Teorija korrozii i korrozionnostojkije konstrukcionnyje splavy /

Na minha lista:
Detalhes bibliográficos
Main Authors: Tomašov, Nikon Danilovič (Author), Černova, Galina Prokefjevna (Author)
Formato: Livro
Publicado em: Moskva : Metallurgija, 1986
Tags: Adicionar Tag
Sem tags, seja o primeiro a adicionar uma tag!

MARC

LEADER 00000nam a22000003a 4500
001 stu19493
005 20150617225752.3
008 ------s1986----xxr---------------------d
040 |a STU  |b slo 
041 0
044 |a xxr 
080 |a 669.018.8 
100 1 |a Tomašov, Nikon Danilovič  |4 aut 
245 1 |a Teorija korrozii i korrozionnostojkije konstrukcionnyje splavy /  |c [aut.]Tomašov,Nikon Danilovič, Černova,Galina Prokefjevna 
260 |a Moskva :  |b Metallurgija,  |c 1986 
300 |a 358 s :  |b Tab.,grafy,lit.,index 
700 1 |a Černova, Galina Prokefjevna  |4 aut 
996 |b C77690  |c C*77690  |l CCVI  |s P  |a 0  |w stu19493_0001